000 01101naa a22002171i 4500
001 8449
003 KOSZ 005
005 20180425140428.0
008 170609s1999 pl ||||f |||| 10| 0 eng d
040 _cBPK
_dKOSZ 005/ac
041 _aeng
044 _apol
100 1 _aBAŁASZ, Błażej.
_d1996 - .
_bPolitechnika Koszalińska - Wydział Mechaniczny,
_cKatedra Mechaniki Precyzyjnej
245 1 0 _aSimulation and visualization of ship control system /
_cBłażej Bałasz, Tomasz Królikowski, Mariusz Kasprzyk.
655 0 _aMateriały konferencyjne.
700 1 _aKRÓLIKOWSKI, Tomasz.
_d1997 - .
_bPolitechnika Koszalińska - Wydział Mechaniczny,
_cKatedra Mechaniki Precyzyjnej
700 1 _aKASPRZYK, Mariusz.
_d1996 - 2009.
_bPolitechnika Koszalińska - Wydział Mechaniczny,
_cKatedra Mechaniki Precyzyjnej
711 2 2 _aEuropean Simulation Multiconference ESM'99
_n(13 ;
_d1999 ;
_cWarszawa, Polska).
773 0 _iW :
_tModelling and simulation : a tool for the next millennium : 13th European Simulation Multiconference : ESM'99. -
_dWarszawa, 1999
942 _cROZ
_2UKD
999 _c8449
_d8449